000 00319nam a22001337a 4500
008 170424b xxu||||| |||| 00| 0 eng d
020 _a9780321838995
041 _aeng
080 _28 ED
_aSHM
100 _a11
101 _aSHM
245 _aINVESTIGATING BIOLOGY LABORATORY MANUAL
_cMORGAN.J.G
942 _2udc
_cBK
999 _c11589
_d11589